[Event "ECCC 2013"]
[Site "Rhodes"]
[Date "2013.10.20"]
[Round "1"]
[White "Lendwai, Reinhard"]
[Black "Tregubov, Pavel V"]
[Result "0-1"]
[WhiteElo "2379"]
[BlackElo "2606"]
[PlyCount "44"]
[EventDate "2013.10.20"]
[EventType "team"]
[EventRounds "7"]
[EventCountry "GRE"]
[WhiteTeam "SK Advisory Invest Baden"]
[BlackTeam "Clichy Echecs 92"]

1. d4 d5 2. c4 e6 3. Nf3 c6 4. Bg5 Nf6 5. Qc2 dxc4 6. Qxc4 b5 7. Qb3 Bb7 8.
Nbd2 Nbd7 9. e4 a6 10. e5 h6 11. exf6 hxg5 12. fxg7 Bxg7 13. Ne4 Qe7 14. Qe3 g4
15. Qf4 gxf3 16. Nd6+ Kf8 17. Nxb7 Rh4 18. g4 Qb4+ 19. Qd2 Qxd2+ 20. Kxd2 Rxg4
21. a4 Rxd4+ 22. Ke3 Rb4 0-1

[Event "ECCC 2013"]
[Site "Rhodes"]
[Date "2013.10.20"]
[Round "1"]
[White "Lagarde, Maxime"]
[Black "Ganaus, Hannes"]
[Result "1/2-1/2"]
[WhiteElo "2523"]
[BlackElo "2302"]
[PlyCount "99"]
[EventDate "2013.10.20"]
[EventType "team"]
[EventRounds "7"]
[EventCountry "GRE"]
[WhiteTeam "Clichy Echecs 92"]
[BlackTeam "SK Advisory Invest Baden"]

1. e4 e6 2. Qe2 c5 3. g3 Nc6 4. c3 g6 5. Bg2 Bg7 6. Nf3 Nge7 7. h4 h6 8. O-O e5
9. Na3 d6 10. d4 exd4 11. cxd4 cxd4 12. Bf4 Bg4 13. Qd2 Bxf3 14. Bxf3 g5 15.
hxg5 hxg5 16. Bxg5 Qd7 17. Bg2 Ng6 18. Rfc1 Qg4 19. Nc4 Kd7 20. Rd1 Rh5 21. Bf4
Nxf4 22. Qxf4 Qxf4 23. gxf4 Rh4 24. f5 Rg8 25. Kf1 Be5 26. a3 Bf4 27. e5 Bxe5
28. Bd5 Rg5 29. b4 Rxf5 30. b5 Ne7 31. Bxb7 Rh2 32. Ra2 Bf6 33. b6 axb6 34. Be4
Rb5 35. Rb2 Rxb2 36. Nxb2 Rh4 37. Bf3 Rf4 38. Ke2 Rh4 39. Nd3 Ng6 40. Rh1 Nf4+
41. Kd2 Rxh1 42. Bxh1 Ne6 43. a4 Nc5 44. Nxc5+ bxc5 45. Bd5 Bh4 46. f3 f6 47.
a5 Kc7 48. Ke2 Bg3 49. Kd2 Bh4 50. Ke2 1/2-1/2

[Event "ECCC 2013"]
[Site "Rhodes"]
[Date "2013.10.20"]
[Round "1"]
[White "Dzierzenga, Stefan"]
[Black "Delorme, Axel"]
[Result "0-1"]
[WhiteElo "2173"]
[BlackElo "2482"]
[PlyCount "80"]
[EventDate "2013.10.20"]
[EventType "team"]
[EventRounds "7"]
[EventCountry "GRE"]
[WhiteTeam "SK Advisory Invest Baden"]
[BlackTeam "Clichy Echecs 92"]

1. e4 e5 2. Nf3 Nc6 3. Bb5 Nge7 4. d4 exd4 5. Nxd4 g6 6. Nc3 Bg7 7. Be3 O-O 8.
O-O d6 9. f3 Ne5 10. Be2 f5 11. Bg5 h6 12. Bxe7 Qxe7 13. exf5 gxf5 14. Qd2 Qf7
15. Rad1 c6 16. Rfe1 f4 17. Ne4 Rd8 18. b3 d5 19. Nf2 c5 20. Nb5 a6 21. Na3 Be6
22. c3 Rac8 23. Nc2 Qf6 24. Bf1 Bf7 25. Qc1 b5 26. b4 Ng6 27. Rd3 Ne5 28. Rdd1
cxb4 29. Nxb4 Ng6 30. Rd3 d4 31. Ne4 Qb6 32. Red1 dxc3+ 33. Kh1 Rxd3 34. Rxd3
a5 35. Rd6 Qe3 36. Qxe3 fxe3 37. Nc2 b4 38. Ra6 Nf4 39. Rxa5 e2 40. Bxe2 Nxe2
0-1

[Event "ECCC 2013"]
[Site "Rhodes"]
[Date "2013.10.20"]
[Round "1"]
[White "Mullon, Jean-Baptiste"]
[Black "Herndlbauer, Martin"]
[Result "1-0"]
[WhiteElo "2445"]
[BlackElo "2125"]
[PlyCount "45"]
[EventDate "2013.10.20"]
[EventType "team"]
[EventRounds "7"]
[EventCountry "GRE"]
[WhiteTeam "Clichy Echecs 92"]
[BlackTeam "SK Advisory Invest Baden"]

1. e4 d5 2. exd5 Qxd5 3. Nc3 Qa5 4. d4 c6 5. Bd2 Bf5 6. g4 Be6 7. Bg2 Qd8 8. f4
Qxd4 9. Nf3 Qb6 10. f5 Bd7 11. Qe2 h5 12. Ne4 Qc7 13. gxh5 Na6 14. O-O-O O-O-O
15. Nfg5 Be8 16. Qf2 Kb8 17. Bf4 Rd6 18. Nxd6 exd6 19. Ne4 Rh6 20. Qg3 Nf6 21.
Nxd6 Nxh5 22. Nxe8 Nxf4 23. Nxc7 1-0

[Event "ECCC 2013"]
[Site "Rhodes"]
[Date "2013.10.20"]
[Round "1"]
[White "Ebert, Christian"]
[Black "Kambrath, Yannick"]
[Result "0-1"]
[WhiteElo "2008"]
[BlackElo "2298"]
[PlyCount "101"]
[EventDate "2013.10.20"]
[EventType "team"]
[EventRounds "7"]
[EventCountry "GRE"]
[WhiteTeam "SK Advisory Invest Baden"]
[BlackTeam "Clichy Echecs 92"]

1. e4 c5 2. d4 cxd4 3. c3 Nf6 4. e5 Nd5 5. Nf3 e6 6. cxd4 d6 7. a3 Bd7 8. Bd3
Bc6 9. O-O Nd7 10. Re1 Be7 11. Bd2 Rc8 12. Nc3 Nxc3 13. Bxc3 O-O 14. Re3 g6 15.
Qd2 dxe5 16. dxe5 Nc5 17. Rd1 Qc7 18. Bc2 Rfd8 19. Qe2 Rxd1+ 20. Bxd1 Ba4 21.
h4 Rd8 22. Bxa4 Nxa4 23. Qc2 Nb6 24. Qe4 Rd1+ 25. Re1 Rxe1+ 26. Bxe1 Nd5 27.
Bd2 Qb6 28. b4 Qc6 29. Qd3 Nb6 30. Bg5 Bxg5 31. Nxg5 Qc1+ 32. Kh2 Qf4+ 33. Kg1
Qc1+ 34. Kh2 Qf4+ 35. Kg1 Nd5 36. Qb5 Qc1+ 37. Kh2 Qf4+ 38. Kg1 h6 39. Qe8+ Kg7
40. Nf3 Qc1+ 41. Kh2 Qxa3 42. b5 Qc5 43. h5 gxh5 44. Kg1 a6 45. bxa6 bxa6 46.
g3 a5 47. Qd8 a4 48. Qh4 a3 49. Qxh5 a2 50. Qg4+ Kf8 51. Qa4 0-1

[Event "ECCC 2013"]
[Site "Rhodes"]
[Date "2013.10.20"]
[Round "1"]
[White "Townsend, M Paul"]
[Black "Stupak, Kirill"]
[Result "0-1"]
[WhiteElo "2233"]
[BlackElo "2487"]
[PlyCount "90"]
[EventDate "2013.10.20"]
[EventType "team"]
[EventRounds "7"]
[EventCountry "GRE"]
[WhiteTeam "White Rose"]
[BlackTeam "Minsk"]

1. d4 e6 2. c4 Bb4+ 3. Bd2 a5 4. Nf3 d6 5. g3 Nc6 6. Nc3 e5 7. a3 Bxc3 8. Bxc3
Qe7 9. d5 Nb8 10. b4 axb4 11. axb4 Rxa1 12. Qxa1 Nf6 13. Qa8 Nfd7 14. Bh3 O-O
15. Qa2 b5 16. Qa5 Qd8 17. c5 Nf6 18. Bxc8 Qxc8 19. Qxb5 Nxd5 20. Bd2 Qa6 21.
Qa5 Qc4 22. cxd6 cxd6 23. O-O Nc6 24. Qa3 Qxe2 25. b5 Qxb5 26. Qxd6 Rd8 27. Qa3
e4 28. Nh4 Nd4 29. Qa5 Qd7 30. Be3 Nf3+ 31. Nxf3 exf3 32. Rd1 h6 33. Qa6 Rb8
34. h4 Qh3 35. Qf1 Qf5 36. Bd4 Re8 37. Kh2 Re2 38. Qh3 Qc2 39. Rf1 f5 40. Kg1
Qe4 41. Ba1 Nb4 42. h5 Nd3 43. Qh4 Qxh4 44. gxh4 Re4 45. Kh2 Rg4 0-1

[Event "ECCC 2013"]
[Site "Rhodes"]
[Date "2013.10.20"]
[Round "1"]
[White "Teterev, Vitaly"]
[Black "Barrett, Stephen J"]
[Result "1-0"]
[WhiteElo "2506"]
[BlackElo "2216"]
[PlyCount "73"]
[EventDate "2013.10.20"]
[EventType "team"]
[EventRounds "7"]
[EventCountry "GRE"]
[WhiteTeam "Minsk"]
[BlackTeam "White Rose"]

1. e4 c5 2. Nf3 e6 3. d3 Nc6 4. g3 g6 5. Bg2 Bg7 6. O-O Nge7 7. c3 O-O 8. d4
cxd4 9. cxd4 d5 10. e5 f6 11. Re1 fxe5 12. dxe5 Bd7 13. Nc3 a6 14. b3 b5 15.
Bb2 Rc8 16. Ne2 h6 17. Nf4 Nb4 18. Nd4 Qb6 19. Qd2 a5 20. Bc3 Nf5 21. Nxg6 Rxc3
22. Nxf5 Rc2 23. Qd4 Qd8 24. Nxf8 Qxf8 25. Nxg7 Qxg7 26. a3 Nc6 27. Qd3 Rc5 28.
f4 b4 29. Qd2 bxa3 30. Rxa3 Nb4 31. Rc1 Qf8 32. Raa1 Qc8 33. h3 Bb5 34. f5 Nd3
35. Rxc5 Qxc5+ 36. Kh2 Nxe5 37. fxe6 1-0

[Event "ECCC 2013"]
[Site "Rhodes"]
[Date "2013.10.20"]
[Round "1"]
[White "Kocheev, Aleksandr"]
[Black "O'Driscoll, Kieran"]
[Result "1-0"]
[WhiteElo "2388"]
[BlackElo "2120"]
[PlyCount "77"]
[EventDate "2013.10.20"]
[EventType "team"]
[EventRounds "7"]
[EventCountry "GRE"]
[WhiteTeam "Minsk"]
[BlackTeam "White Rose"]

1. e4 c5 2. Nf3 d6 3. c3 Nf6 4. Be2 Nc6 5. d4 cxd4 6. cxd4 Nxe4 7. d5 Qa5+ 8.
Nc3 Nxc3 9. bxc3 Ne5 10. O-O g6 11. Nxe5 dxe5 12. Qb3 Qc7 13. Rb1 b6 14. Ba3
Bf5 15. Rbd1 Rd8 16. Rfe1 h5 17. f4 Bg7 18. Bb5+ Kf8 19. d6 exd6 20. fxe5 Kg8
21. Bxd6 Qb7 22. Bc4 Rd7 23. Bd5 Qc8 24. a4 Bf8 25. Kh1 Kg7 26. Qb4 Bxd6 27.
exd6 Qc5 28. Qxc5 bxc5 29. Bc6 Rdd8 30. Re7 Rb8 31. Rxa7 Rhd8 32. Bb5 Bg4 33.
Rd2 Rb6 34. d7 Kf6 35. c4 Ke7 36. h3 Be6 37. a5 Rd6 38. Rxd6 Kxd6 39. a6 1-0

[Event "ECCC 2013"]
[Site "Rhodes"]
[Date "2013.10.20"]
[Round "1"]
[White "Papaioannou, Ioannis"]
[Black "Ermeni, Avni"]
[Result "1-0"]
[WhiteElo "2633"]
[BlackElo "2274"]
[PlyCount "75"]
[EventDate "2013.10.20"]
[EventType "team"]
[EventRounds "7"]
[EventCountry "GRE"]
[WhiteTeam "Peristeri"]
[BlackTeam "Expik Kosova"]

1. Nf3 Nf6 2. d4 c5 3. c4 cxd4 4. Nxd4 e6 5. g3 a6 6. Bg2 Qc7 7. Nc3 d6 8. O-O
Be7 9. b3 O-O 10. Bb2 Nbd7 11. Rc1 Rd8 12. e3 Nc5 13. Qc2 Bf8 14. h3 Rb8 15. f4
Re8 16. g4 e5 17. fxe5 dxe5 18. Nf5 b5 19. g5 b4 20. gxf6 bxc3 21. fxg7 cxb2
22. gxf8=Q+ Rxf8 23. Rcd1 Rb6 24. Qxb2 Rg6 25. Kh1 f6 26. Nd6 Kh8 27. b4 Ne6
28. b5 Rfg8 29. Rf2 axb5 30. cxb5 Ng5 31. b6 Qc5 32. Qc1 Qxc1 33. Rxc1 Bxh3 34.
Nf7+ Nxf7 35. Bxh3 Rh6 36. Rh2 Rb8 37. Rc8+ Rxc8 38. Bxc8 1-0

[Event "ECCC 2013"]
[Site "Rhodes"]
[Date "2013.10.20"]
[Round "1"]
[White "Makolli, Perparim"]
[Black "Banikas, Hristos"]
[Result "0-1"]
[WhiteElo "2251"]
[BlackElo "2630"]
[PlyCount "102"]
[EventDate "2013.10.20"]
[EventType "team"]
[EventRounds "7"]
[EventCountry "GRE"]
[WhiteTeam "Expik Kosova"]
[BlackTeam "Peristeri"]

1. e4 c5 2. Nf3 d6 3. d4 cxd4 4. Nxd4 Nf6 5. Nc3 a6 6. Bg5 Nbd7 7. f4 Qc7 8.
Qf3 h6 9. Bh4 g5 10. fxg5 hxg5 11. Bxg5 Qc5 12. Qe3 Ng4 13. Qd2 Bg7 14. Nb3
Bxc3 15. bxc3 Qe5 16. O-O-O Qg7 17. h4 Ndf6 18. Bd3 Nh5 19. Qe1 f6 20. Bd2 Ne5
21. Kb2 Qxg2 22. Qe3 Qf3 23. Nd4 Qxe3 24. Bxe3 Kf7 25. Rdg1 Bd7 26. Be2 Rh7 27.
Nf5 Bxf5 28. exf5 Ng7 29. Bd4 Nxf5 30. Bxe5 dxe5 31. h5 Nd6 32. c4 Rc8 33. Kb3
b6 34. Rg6 Nf5 35. Bd3 e6 36. Kb4 Rch8 37. Be2 Nd4 38. Bd1 e4 39. Rf1 f5 40.
Kc3 Nf3 41. Bxf3 exf3 42. Rxf3 Rxh5 43. Rg1 Rh3 44. Rxh3 Rxh3+ 45. Kd4 Rh4+ 46.
Kd3 e5 47. Rb1 Rd4+ 48. Kc3 Rd6 49. c5 bxc5 50. Kc4 Rd2 51. c3 e4 0-1

[Event "ECCC 2013"]
[Site "Rhodes"]
[Date "2013.10.20"]
[Round "1"]
[White "Halkias, Stelios"]
[Black "Budima, Armend"]
[Result "1/2-1/2"]
[WhiteElo "2568"]
[BlackElo "2226"]
[PlyCount "137"]
[EventDate "2013.10.20"]
[EventType "team"]
[EventRounds "7"]
[EventCountry "GRE"]
[WhiteTeam "Peristeri"]
[BlackTeam "Expik Kosova"]

1. d4 Nf6 2. Nf3 g6 3. g3 Bg7 4. Bg2 c5 5. c4 cxd4 6. Nxd4 O-O 7. Nc3 Qc7 8. b3
d5 9. O-O dxc4 10. Ndb5 Qa5 11. Bd2 Qd8 12. Bf4 Nc6 13. bxc4 Bf5 14. Qb3 Na5
15. Qb4 Rc8 16. c5 Nc6 17. Bxc6 a5 18. Qa3 Rxc6 19. Rad1 Nd7 20. Na4 Bc2 21.
Nb6 Bxd1 22. Rxd1 Rxb6 23. Bc7 Rxb5 24. Bxd8 Rxd8 25. Qa4 Rxc5 26. Rxd7 Rxd7
27. Qxd7 e6 28. Qxb7 Bf8 29. a4 Rd5 30. Kg2 Rc5 31. Qa7 Rd5 32. e4 Rc5 33. h4
h5 34. Qa8 Kg7 35. Qd8 Kg8 36. Qb6 Kg7 37. Qb8 Kg8 38. Qd8 Kg7 39. Qd4+ Kg8 40.
Qd2 Kg7 41. Kf3 Kg8 42. Ke2 Be7 43. Qd7 Kf8 44. Qd4 Kg8 45. Qd7 Kf8 46. Kd3 Rc1
47. Kd2 Rc4 48. Kd3 Rc1 49. Qa7 Bb4 50. Qb8+ Ke7 51. Qa7+ Kf8 52. f3 Rc3+ 53.
Ke2 Rc2+ 54. Kf1 Ra2 55. Qb8+ Ke7 56. Qc7+ Kf8 57. Qd7 Rd2 58. Qc8+ Kg7 59. Qc4
Kf8 60. f4 Ke7 61. Qc7+ Kf8 62. f5 exf5 63. exf5 Rd5 64. f6 Rf5+ 65. Ke2 Rxf6
66. Qd8+ Kg7 67. Qd4 Bd6 68. Qc3 Bb4 69. Qe5 1/2-1/2

[Event "ECCC 2013"]
[Site "Rhodes"]
[Date "2013.10.20"]
[Round "1"]
[White "Haskaj, Fatmir"]
[Black "Sandalakis, Angelos"]
[Result "0-1"]
[WhiteElo "2223"]
[BlackElo "2394"]
[PlyCount "42"]
[EventDate "2013.10.20"]
[EventType "team"]
[EventRounds "7"]
[EventCountry "GRE"]
[WhiteTeam "Expik Kosova"]
[BlackTeam "Peristeri"]

1. e4 d5 2. exd5 Qxd5 3. d4 Nc6 4. Nf3 Bg4 5. Be2 O-O-O 6. Be3 e5 7. Nxe5 Bxe2
8. Qxe2 Nxe5 9. dxe5 Qxg2 10. Rf1 Qe4 11. f4 Nh6 12. c3 Be7 13. Nd2 Bh4+ 14.
Kd1 Nf5 15. Bg1 Qc6 16. Kc2 Rd7 17. Nb3 Rhd8 18. Rac1 Qg6 19. Kb1 Nd4+ 20. f5
Nxe2 21. fxg6 hxg6 0-1

[Event "ECCC 2013"]
[Site "Rhodes"]
[Date "2013.10.20"]
[Round "1"]
[White "Stathopoulos, Ioannis"]
[Black "Fejzullahu, Afrim"]
[Result "0-1"]
[WhiteElo "2286"]
[BlackElo "2334"]
[PlyCount "96"]
[EventDate "2013.10.20"]
[EventType "team"]
[EventRounds "7"]
[EventCountry "GRE"]
[WhiteTeam "Peristeri"]
[BlackTeam "Expik Kosova"]

1. d4 Nf6 2. c4 g6 3. Nc3 Bg7 4. e4 d6 5. f3 O-O 6. Nge2 e5 7. Bg5 exd4 8. Nxd4
Nc6 9. Nc2 Be6 10. Be2 h6 11. Be3 Ne5 12. Na3 Nh5 13. O-O g5 14. g3 Bh3 15. Rf2
Ng6 16. Bf1 Bxf1 17. Qxf1 Re8 18. Nc2 Nf6 19. Nd4 Qd7 20. Nf5 Bf8 21. Rd1 Ne7
22. Nd4 Nc6 23. Rfd2 Nxd4 24. Bxd4 Qe6 25. Nb5 Re7 26. Bc3 Ne8 27. Nd4 Qg6 28.
Nf5 Re6 29. Rg2 Bg7 30. Nxg7 Nxg7 31. Qf2 f5 32. Qd4 fxe4 33. f4 Rae8 34. Rf1
Nf5 35. Qxa7 g4 36. Qxb7 c5 37. Re2 e3 38. Rd1 h5 39. a4 h4 40. Qg2 Kf7 41. a5
Re4 42. a6 h3 43. Qf1 Rxc4 44. Ree1 Qe6 45. Ra1 Qe4 46. Qe2 d5 47. a7 Nd4 48.
Bxd4 Rc2 0-1

[Event "ECCC 2013"]
[Site "Rhodes"]
[Date "2013.10.20"]
[Round "1"]
[White "Zymberi, Astrit"]
[Black "Mihailidis, Anastacios"]
[Result "0-1"]
[WhiteElo "2132"]
[BlackElo "2279"]
[PlyCount "96"]
[EventDate "2013.10.20"]
[EventType "team"]
[EventRounds "7"]
[EventCountry "GRE"]
[WhiteTeam "Expik Kosova"]
[BlackTeam "Peristeri"]

1. d4 d5 2. c4 e6 3. Nc3 c6 4. cxd5 exd5 5. Qc2 g6 6. e3 Bf5 7. Bd3 Bxd3 8.
Qxd3 Bd6 9. Nge2 f5 10. Bd2 Nf6 11. f3 Qe7 12. O-O O-O 13. Be1 Nbd7 14. Bg3
Rae8 15. Rae1 Rf7 16. Bxd6 Qxd6 17. Ng3 h5 18. Nh1 Kg7 19. Nf2 Rfe7 20. Re2 h4
21. Rfe1 Nh5 22. Nh3 Ndf6 23. a3 a5 24. Qd2 b5 25. Nd1 a4 26. Ndf2 c5 27. Nd3
c4 28. Ndf2 Kf8 29. Nd1 f4 30. Nc3 fxe3 31. Rxe3 Nf4 32. Nxb5 Nxh3+ 33. gxh3
Qd7 34. Rxe7 Rxe7 35. Rxe7 Kxe7 36. Qe3+ Kf7 37. Nc3 Qf5 38. Qe2 Qf4 39. Nxa4
Qxd4+ 40. Kf1 Nh5 41. Nc3 Nf4 42. Qd1 Qe5 43. Qd2 Qf5 44. Ke1 Nd3+ 45. Ke2 Qxh3
46. Qg5 Qxh2+ 47. Kd1 Qh1+ 48. Kc2 Ne1+ 0-1

[Event "ECCC 2013"]
[Site "Rhodes"]
[Date "2013.10.20"]
[Round "1"]
[White "Hamitevici, Vladimir"]
[Black "Bok, Benjamin"]
[Result "1-0"]
[WhiteElo "2490"]
[BlackElo "2525"]
[PlyCount "121"]
[EventDate "2013.10.20"]
[EventType "team"]
[EventRounds "7"]
[EventCountry "GRE"]
[WhiteTeam "The Smashing Pawns Belvaux"]
[BlackTeam "Amay Chess Club"]

1. d4 Nf6 2. Nf3 g6 3. c4 Bg7 4. e3 O-O 5. Be2 d6 6. O-O Bf5 7. Qb3 b6 8. Rd1
Nc6 9. Nc3 Na5 10. Qa4 c5 11. Bd2 Rc8 12. dxc5 bxc5 13. e4 Bd7 14. Qc2 Nc6 15.
h3 Ne8 16. Nd5 e6 17. Nf4 Qb6 18. Nd3 e5 19. Be3 Nf6 20. Nd2 Nd4 21. Bxd4 cxd4
22. b4 Bh6 23. c5 Qc7 24. Bf3 Bb5 25. Nc4 d5 26. exd5 e4 27. a4 Bxc4 28. Qxc4
exf3 29. Qxd4 Bg7 30. d6 Qb7 31. Rac1 fxg2 32. Ne5 Nd7 33. f4 Rfe8 34. Re1 Nxe5
35. fxe5 Qd7 36. Kxg2 a6 37. Qd5 Red8 38. c6 Qf5 39. d7 Rc7 40. b5 axb5 41.
axb5 Rcxd7 42. cxd7 Rxd7 43. Qa8+ Bf8 44. Qf3 Rd2+ 45. Kg3 Qg5+ 46. Qg4 Rd3+
47. Kh2 Qd2+ 48. Kh1 h5 49. Qg2 Qf4 50. Rcd1 Rg3 51. Rd4 Rxh3+ 52. Qxh3 Qxd4
53. e6 fxe6 54. Qxe6+ Kh7 55. Qe4 Qd7 56. Qf3 Bc5 57. Rc1 Qd4 58. Rd1 Qh4+ 59.
Kg2 Qg5+ 60. Kh3 Bb6 61. Rd7+ 1-0

[Event "ECCC 2013"]
[Site "Rhodes"]
[Date "2013.10.20"]
[Round "1"]
[White "Zaragatski, Ilja"]
[Black "Weber, Tom"]
[Result "1-0"]
[WhiteElo "2510"]
[BlackElo "2415"]
[PlyCount "111"]
[EventDate "2013.10.20"]
[EventType "team"]
[EventRounds "7"]
[EventCountry "GRE"]
[WhiteTeam "Amay Chess Club"]
[BlackTeam "The Smashing Pawns Belvaux"]

1. c4 c5 2. g3 g6 3. Bg2 Bg7 4. Nc3 Nc6 5. Nf3 Nf6 6. d4 cxd4 7. Nxd4 O-O 8.
O-O Ng4 9. e3 d6 10. b3 Nxd4 11. exd4 Nh6 12. Bb2 Nf5 13. Ne2 Rb8 14. Qc2 Qc7
15. Rac1 Bd7 16. Rfe1 Rfc8 17. d5 Bh6 18. Qc3 Bg7 19. Qd2 Bh6 20. Nf4 Qd8 21.
Re4 b5 22. Rce1 bxc4 23. bxc4 Rc7 24. Ba1 Bc8 25. g4 Ng7 26. Qc3 Qf8 27. h4
Bxg4 28. Nxg6 fxg6 29. Rxg4 Qf5 30. Rge4 Rf8 31. R1e2 Rb7 32. Bh3 Qf6 33. Qe1
Qf3 34. Bg4 Qd3 35. Kg2 Nf5 36. Qc3 Nxh4+ 37. Kh2 Nf3+ 38. Kg3 Qxc3 39. Bxc3
Ne5 40. Bxe5 dxe5 41. c5 Bf4+ 42. Kg2 Rfb8 43. Kf3 Rc7 44. Rc4 Rb1 45. c6 Kf7
46. Rcc2 g5 47. Rb2 e4+ 48. Kxe4 Rxb2 49. Rxb2 Kg6 50. Rb8 Rxc6 51. Rg8+ Kf7
52. dxc6 Kxg8 53. Kf5 Kg7 54. Ke6 Kg6 55. Bf5+ Kg7 56. Kxe7 1-0

[Event "ECCC 2013"]
[Site "Rhodes"]
[Date "2013.10.20"]
[Round "1"]
[White "Jeitz, Christian"]
[Black "Burg, Twan"]
[Result "0-1"]
[WhiteElo "2222"]
[BlackElo "2499"]
[PlyCount "50"]
[EventDate "2013.10.20"]
[EventType "team"]
[EventRounds "7"]
[EventCountry "GRE"]
[WhiteTeam "The Smashing Pawns Belvaux"]
[BlackTeam "Amay Chess Club"]

1. e4 e6 2. d4 d5 3. Nc3 Nf6 4. Bg5 dxe4 5. Nxe4 Be7 6. Bxf6 gxf6 7. Nf3 f5 8.
Ng3 c5 9. dxc5 Bxc5 10. Qxd8+ Kxd8 11. Ne5 Ke7 12. c3 Nd7 13. Nc4 Nb6 14. a4
Rg8 15. a5 Nxc4 16. Bxc4 b5 17. Bd3 Bb7 18. Rg1 b4 19. cxb4 Bxb4+ 20. Ke2 Rab8
21. a6 Bd5 22. Rgd1 f4 23. Ne4 f5 24. Nd2 Rxg2 25. Nf3 Bc5 0-1

[Event "ECCC 2013"]
[Site "Rhodes"]
[Date "2013.10.20"]
[Round "1"]
[White "Tan, Matthew"]
[Black "Steil-Antoni, Fiona"]
[Result "1-0"]
[WhiteElo "2438"]
[BlackElo "2185"]
[PlyCount "99"]
[EventDate "2013.10.20"]
[EventType "team"]
[EventRounds "7"]
[EventCountry "GRE"]
[WhiteTeam "Amay Chess Club"]
[BlackTeam "The Smashing Pawns Belvaux"]

1. e4 c6 2. d4 d5 3. Nc3 dxe4 4. Nxe4 Bf5 5. Ng3 Bg6 6. h4 h6 7. Nf3 Nd7 8. h5
Bh7 9. Bd3 Bxd3 10. Qxd3 Qc7 11. Bd2 e6 12. O-O-O Ngf6 13. Ne4 Nxe4 14. Qxe4
Nf6 15. Qe2 O-O-O 16. c4 c5 17. Bc3 Qf4+ 18. Rd2 Qe4 19. Ne5 Bd6 20. f3 Qxe2
21. Rxe2 Bxe5 22. dxe5 Ng8 23. b4 b6 24. bxc5 bxc5 25. Rb2 Ne7 26. Rb5 Nf5 27.
Rxc5+ Kb7 28. g4 Ng3 29. Rh2 Rd3 30. Rb2+ Ka8 31. Be1 Rxf3 32. Bxg3 Rxg3 33.
Rd2 Rxg4 34. Rd7 Rb8 35. Rxf7 Rg1+ 36. Kc2 Rg2+ 37. Kc3 Rxa2 38. Rcc7 Ra3+ 39.
Kd4 Rd8+ 40. Kc5 Ra5+ 41. Kc6 Rb8 42. c5 Rd8 43. Rfd7 Ra6+ 44. Kb5 Rxd7 45.
Rxd7 Ra1 46. Kc6 a5 47. Kb6 Rb1+ 48. Kxa5 Kb8 49. Rxg7 Re1 50. Kb6 1-0

[Event "ECCC 2013"]
[Site "Rhodes"]
[Date "2013.10.20"]
[Round "1"]
[White "Gengler, Pierre"]
[Black "Broekmeulen, Jasper"]
[Result "1-0"]
[WhiteElo "2134"]
[BlackElo "2435"]
[PlyCount "67"]
[EventDate "2013.10.20"]
[EventType "team"]
[EventRounds "7"]
[EventCountry "GRE"]
[WhiteTeam "The Smashing Pawns Belvaux"]
[BlackTeam "Amay Chess Club"]

1. e4 g6 2. d4 Bg7 3. Be3 c5 4. Nf3 Nf6 5. Nc3 cxd4 6. Nxd4 Nc6 7. f3 O-O 8.
Bc4 Qb6 9. Bb3 Nxe4 10. Nd5 Qa5+ 11. c3 Bxd4 12. Bxd4 Nc5 13. Be3 d6 14. Bc2
Qd8 15. b4 Ne6 16. h4 Nc7 17. h5 Nxd5 18. Qxd5 e6 19. Qd2 Ne5 20. Bd4 g5 21. f4
gxf4 22. Qxf4 f6 23. Rh3 Bd7 24. O-O-O Rf7 25. Rg3+ Kh8 26. h6 Qe7 27. Rg7 Rxg7
28. hxg7+ Qxg7 29. Rh1 f5 30. g4 Bc6 31. Rh5 Qxg4 32. Qh6 Qg7 33. Qxe6 Qd7 34.
Qf6+ 1-0

[Event "ECCC 2013"]
[Site "Rhodes"]
[Date "2013.10.20"]
[Round "1"]
[White "Wiedenkeller, Michael"]
[Black "Kreisl, Robert"]
[Result "1-0"]
[WhiteElo "2479"]
[BlackElo "2408"]
[PlyCount "83"]
[EventDate "2013.10.20"]
[EventType "team"]
[EventRounds "7"]
[EventCountry "GRE"]
[WhiteTeam "CE De Sprenger Echternach"]
[BlackTeam "Schachclub MPO Maria Saal"]

1. c4 Nf6 2. g3 e6 3. Bg2 d5 4. Nf3 Be7 5. O-O O-O 6. b3 b6 7. Bb2 Bb7 8. e3 c5
9. Nc3 dxc4 10. bxc4 Nc6 11. Qe2 Qc7 12. Rfd1 Rfd8 13. Rac1 a6 14. d4 Na5 15.
Nb1 Rac8 16. Nbd2 Ne4 17. Nb3 Nxb3 18. axb3 Bf6 19. Ne1 Qe7 20. Qg4 Nd6 21.
dxc5 bxc5 22. Bxf6 Qxf6 23. Rxd6 Rxd6 24. Bxb7 Rb8 25. Be4 Rxb3 26. Qh5 g6 27.
Qxc5 Rb2 28. Nf3 Qd8 29. Nd4 Qf6 30. Rf1 e5 31. Nf3 Qe7 32. Bd5 Kg7 33. Qa3 Rb8
34. e4 f5 35. exf5 gxf5 36. Qc3 Rc8 37. Nxe5 Qf6 38. Qe3 Re8 39. Re1 Re7 40.
Kg2 a5 41. Qd4 Rd8 42. f4 1-0

[Event "ECCC 2013"]
[Site "Rhodes"]
[Date "2013.10.20"]
[Round "1"]
[White "Wilger, Frank"]
[Black "Halvax, Georg"]
[Result "1-0"]
[WhiteElo "2107"]
[BlackElo "2326"]
[PlyCount "99"]
[EventDate "2013.10.20"]
[EventType "team"]
[EventRounds "7"]
[EventCountry "GRE"]
[WhiteTeam "CE De Sprenger Echternach"]
[BlackTeam "Schachclub MPO Maria Saal"]

1. d4 d5 2. c4 e6 3. Nc3 c6 4. cxd5 exd5 5. Qc2 g6 6. Bf4 Bf5 7. Qd2 Bg7 8. Nf3
Nf6 9. e3 O-O 10. Bd3 Ne4 11. Bxe4 dxe4 12. Ng1 Na6 13. a3 c5 14. Nge2 cxd4 15.
exd4 Qb6 16. O-O Rad8 17. Be3 Qb3 18. h3 Nc5 19. Qd1 Qxb2 20. Qb1 Na4 21. Qxb2
Nxb2 22. Rab1 Nc4 23. Rxb7 a6 24. a4 Rd6 25. Bf4 Rc6 26. Nd5 Bf6 27. Nxf6+ Rxf6
28. d5 Rb6 29. Rb1 Rxb1+ 30. Rxb1 Rd8 31. g4 Bd7 32. Rb4 Rc8 33. Ng3 a5 34. Rb7
Bxa4 35. Nxe4 Rd8 36. Bh6 Be8 37. Rc7 Nd6 38. Nxd6 Rxd6 39. Rc8 f6 40. Rxe8+
Kf7 41. Rf8+ Ke7 42. Rh8 Rxd5 43. Rxh7+ Ke6 44. Be3 Kd6 45. Rf7 Ke5 46. Kg2 Rd3
47. Ra7 Ra3 48. Bd2 a4 49. Bb4 Ra2 50. Bc3+ 1-0

[Event "ECCC 2013"]
[Site "Rhodes"]
[Date "2013.10.20"]
[Round "1"]
[White "Hartl, Daniel"]
[Black "Drzasga, Michael"]
[Result "1-0"]
[WhiteElo "2289"]
[BlackElo "2019"]
[PlyCount "81"]
[EventDate "2013.10.20"]
[EventType "team"]
[EventRounds "7"]
[EventCountry "GRE"]
[WhiteTeam "Schachclub MPO Maria Saal"]
[BlackTeam "CE De Sprenger Echternach"]

1. d4 d5 2. c4 e6 3. Nf3 Nf6 4. g3 Nbd7 5. Bg2 Be7 6. O-O O-O 7. Qc2 c6 8. Nbd2
Re8 9. e4 Nxe4 10. Nxe4 dxe4 11. Qxe4 Qb6 12. Qc2 Bf6 13. Be3 c5 14. Rfd1 Qc7
15. Ng5 g6 16. d5 exd5 17. Rxd5 Rxe3 18. fxe3 Nb6 19. Ne4 Nxd5 20. cxd5 Be5 21.
Qxc5 Bf5 22. Qxc7 Bxc7 23. Nc5 Re8 24. Re1 Bc8 25. Kf2 b5 26. Rd1 Rd8 27. b4
Kf8 28. Bf1 a6 29. e4 f5 30. exf5 gxf5 31. Bg2 Kf7 32. Rc1 Bd6 33. Bf3 Kf6 34.
Rc3 Bd7 35. Ra3 Bc8 36. Nxa6 Bb7 37. Nc5 Bxc5+ 38. bxc5 Bxd5 39. Rd3 Ke5 40. c6
Rd6 41. Rxd5+ 1-0